| 000 | 02304ncm0a2200421 4500 | ||
|---|---|---|---|
| 001 | RU\NLR\ONIZ\218575 | ||
| 005 | 20250626062632.0 | ||
| 013 | _a979-0-3522-1049-3 | ||
| 035 | _a(NLR Aleph) 011415068 | ||
| 071 | 2 | 0 | _aс 6988 к |
| 090 |
_a11579971 _c11579971 |
||
| 100 | _a20170602d2016 |||y0rusy50 ca | ||
| 101 | 0 | _arus | |
| 102 | _aRU | ||
| 125 | _acy | ||
| 128 | _aor | ||
| 145 | 0 | _ab | |
| 200 | 1 |
_aСотворение мира _bНоты _eоратория для дет. хора, чтеца и большого фортеп. секстета по 1-й гл. Книги Бытие _fВ. Плешак ; перелож. для дет. хора, чтеца и фп. авт. _gстихотвор. текст Н. Голя |
|
| 208 | _a[Клавир] | ||
| 210 |
_aСанкт-Петербург _cКомпозитор-Санкт-Петербург _d2016 |
||
| 215 |
_a46 с. _cил. _d30 см |
||
| 300 | _aНа с. 3: об авт. | ||
| 300 | _aНа с. 4: предисл. | ||
| 313 | _aСистематизация документа проведена по изданию - Методика классифицирования музыкальных произведений (нотных изданий) по таблицам Библиотечно-библиографических классификаций : метод. рекомендации / Гос. б-ка СССР им. В.И. Ленина.- М., 1977. Индексу ББК методических рекомендаций присваивается код ББК для научных библиотек - LBC/SL | ||
| 606 | 1 |
_aОратории для детей _yРоссия _zXX-XXI век _jНоты _2nlr_sh |
|
| 686 |
_aЩ986(2Р)Фп _vLBC/SL _2rubbk |
||
| 700 | 1 |
_9z04790 _aПлешак _bВ. В. _f1946- _gВиктор Васильевич _4230 _7ca |
|
| 702 | 1 |
_9z03790 _aГоль _bН. М. _f1952- _gНиколай Михайлович _4520 _7ca |
|
| 790 | 1 |
_9z03702 _aGol` _bN. M. _f1952- _gNikolaj Miсhajlovič _4520 _7ba |
|
| 790 | 1 |
_9z04700 _aPleshak _bV. V. _f1946- _gViktor Vasilievich _4230 _7ba |
|
| 801 | 0 |
_aRU _bNLR _c20170602 _gPSBO |
|
| 801 | 1 |
_aRU _bNLR _c20170602 _2rusmarc |
|
| 801 | 2 |
_aRU _bNLR _c20180123 |
|
| 852 |
_aNLR _bМ _j986/916 _p259120 _t1 |
||
| 942 | _cSCORE | ||
| 980 | _aNB | ||
| 980 | _aONIZ | ||